Match the Element, Symbol and Number - Statistics

General Stats
  • This quiz has been taken 9 times
  • The average score is 28 of 54
Answer Stats
Question Tile Select % Correct
Gold, Silver or Aluminium? 47 Yes
75%
Gold, Silver or Aluminium? Ag Yes
75%
Gold, Silver or Aluminium? Ar No
75%
Gold, Silver or Aluminium? Silver Yes
75%
Gold, Silver or Aluminium? 18 No
63%
Copernicium, Caesium or Copper? 24 No
63%
Nitrogen, Neon or Neodymium? 25 No
63%
Gold, Silver or Aluminium? Aluminium No
63%
Copernicium, Caesium or Copper? Caesium No
63%
Copernicium, Caesium or Copper? Co No
63%
Copernicium, Caesium or Copper? Copernicium No
63%
Copernicium, Caesium or Copper? Copper Yes
63%
Copernicium, Caesium or Copper? Cr No
63%
Copernicium, Caesium or Copper? Cu Yes
63%
Nitrogen, Neon or Neodymium? Na No
63%
Nitrogen, Neon or Neodymium? Nitrogen No
63%
Lead, Tin or Antimony? 106 No
50%
Nitrogen, Neon or Neodymium? 11 No
50%
Mercury, Iron or Sodium? 19 No
50%
Mercury, Iron or Sodium? 26 Yes
50%
Copernicium, Caesium or Copper? 27 No
50%
Copernicium, Caesium or Copper? 29 Yes
50%
Carbon, Boron or Nitrogen? 3 No
50%
Gold, Silver or Aluminium? 55 No
50%
Mercury, Iron or Sodium? 55 No
50%
Nitrogen, Neon or Neodymium? 60 Yes
50%
Lead, Tin or Antimony? Antimony No
50%
Carbon, Boron or Nitrogen? C No
50%
Carbon, Boron or Nitrogen? Carbon No
50%
Mercury, Iron or Sodium? Fe Yes
50%
Mercury, Iron or Sodium? Iron Yes
50%
Lead, Tin or Antimony? Lead No
50%
Mercury, Iron or Sodium? Me No
50%
Mercury, Iron or Sodium? Mercury No
50%
Mercury, Iron or Sodium? Na No
50%
Lead, Tin or Antimony? Pb No
50%
Lead, Tin or Antimony? Sg No
50%
Lead, Tin or Antimony? Sn Yes
50%
Mercury, Iron or Sodium? Sodium No
50%
Lead, Tin or Antimony? Tin Yes
50%
Carbon, Boron or Nitrogen? 5 Yes
38%
Carbon, Boron or Nitrogen? 7 No
38%
Gold, Silver or Aluminium? Au No
38%
Carbon, Boron or Nitrogen? B Yes
38%
Carbon, Boron or Nitrogen? Boron Yes
38%
Gold, Silver or Aluminium? Gold No
38%
Nitrogen, Neon or Neodymium? Nd Yes
38%
Nitrogen, Neon or Neodymium? Ne No
38%
Nitrogen, Neon or Neodymium? Neodymium Yes
38%
Nitrogen, Neon or Neodymium? Neon No
38%
Carbon, Boron or Nitrogen? Ni No
38%
Carbon, Boron or Nitrogen? Nitrogen No
38%
Lead, Tin or Antimony? 46 No
25%
Lead, Tin or Antimony? 50 Yes
25%
No matching quizzes found
Score Distribution
Percent of People with Each Score
Percentile by Number Answered
Your Score History
You have not taken this quiz